| 000 | 00000nam##2200000za#4500 |
| 001 | 9.699903 |
| 003 | CaOODSP |
| 005 | 20210625000607 |
| 007 | cr ||||||||||| |
| 008 | 150407|1915||||xxc|||||o f|0| 0 eng|d |
| 040 | |aCaOODSP|beng |
| 043 | |an-cn--- |
| 086 | 1 |aCP32-98/1915E-PDF |
| 110 | 1 |aCanada. |bPrivy Council Office. |
| 245 | 10|aBoard of Inquiry into Cost of Living in Canada - report of the Board. Volume II / |h[electronic resource]|cJohn McDougald, chairman. |
| 246 | 15|aThe rise in prices and the cost of living in Canada, 1900-1914 : a statistical examination of economic causes |
| 260 | |aOttawa - Ontario : |bPrivy Council Office |c1915. |
| 300 | |a152, 164, 108, 177, 152, 136, 142, 62p.|bfigs., graphs, tables |
| 500 | |aHistorical publication digitized in 2012 by the Privy Council Office of Canada. Running title: Cost of living, Department of Labour exhibit. |
| 590 | |a15-04-Supp|b2015-03-19 |
| 690 | 07|aCommissions of inquiry|2gcpds |
| 690 | 07|aEconomic conditions|2gcpds |
| 690 | 07|aStandard of living|2gcpds |
| 856 | 40|ahttp://publications.gc.ca|qPDF|s10.29 MB|uhttps://publications.gc.ca/collections/collection_2014/bcp-pco/CP32-98-1915-5-eng.pdf |
| 856 | 40|ahttp://publications.gc.ca|qPDF|s4.62 MB|uhttps://publications.gc.ca/collections/collection_2014/bcp-pco/CP32-98-1915-8-eng.pdf |
| 856 | 40|ahttp://publications.gc.ca|qPDF|s6.17 MB|uhttps://publications.gc.ca/collections/collection_2014/bcp-pco/CP32-98-1915-3-eng.pdf |
| 856 | 40|ahttp://publications.gc.ca|qPDF|s9.53 MB|uhttps://publications.gc.ca/collections/collection_2014/bcp-pco/CP32-98-1915-1-eng.pdf |
| 856 | 40|ahttp://publications.gc.ca|qPDF|s10.09 MB|uhttps://publications.gc.ca/collections/collection_2014/bcp-pco/CP32-98-1915-7-eng.pdf |
| 856 | 40|ahttp://publications.gc.ca|qPDF|s10.36 MB|uhttps://publications.gc.ca/collections/collection_2014/bcp-pco/CP32-98-1915-4-eng.pdf |
| 856 | 40|ahttp://publications.gc.ca|qPDF|s10.39 MB|uhttps://publications.gc.ca/collections/collection_2014/bcp-pco/CP32-98-1915-6-eng.pdf |
| 856 | 40|ahttp://publications.gc.ca|qPDF|s9.85 MB|uhttps://publications.gc.ca/collections/collection_2014/bcp-pco/CP32-98-1915-2-eng.pdf |